How many times can you type 11 in 15 seconds - Statistics

General Stats
  • This quiz has been taken 215 times
  • The average score is 80 of 150
Answer Stats
Amount 11 % Correct
1 11
99%
2 11
99%
3 11
99%
4 11
99%
5 11
99%
6 11
99%
7 11
99%
10 11
99%
8 11
98%
9 11
98%
11 11
98%
12 11
98%
13 11
98%
14 11
98%
15 11
96%
16 11
95%
17 11
95%
18 11
95%
19 11
95%
20 11
95%
21 11
95%
22 11
95%
23 11
95%
24 11
93%
25 11
93%
26 11
93%
27 11
93%
28 11
93%
29 11
91%
30 11
91%
31 11
91%
32 11
91%
33 11
91%
34 11
91%
35 11
89%
36 11
88%
37 11
85%
38 11
85%
39 11
85%
40 11
84%
41 11
82%
42 11
82%
43 11
82%
44 11
78%
45 11
76%
46 11
75%
47 11
69%
48 11
67%
49 11
66%
50 11
63%
51 11
60%
52 11
57%
53 11
55%
54 11
54%
55 11
53%
56 11
51%
57 11
51%
58 11
49%
59 11
49%
60 11
48%
61 11
48%
62 11
48%
63 11
46%
64 11
44%
65 11
44%
66 11
44%
67 11
44%
68 11
44%
69 11
44%
70 11
42%
71 11
42%
72 11
41%
73 11
41%
74 11
41%
75 11
40%
76 11
40%
77 11
40%
78 11
38%
79 11
38%
80 11
38%
81 11
38%
82 11
38%
83 11
38%
84 11
37%
85 11
37%
86 11
36%
87 11
36%
88 11
36%
89 11
36%
90 11
36%
91 11
36%
92 11
34%
93 11
34%
94 11
33%
95 11
33%
96 11
33%
97 11
33%
98 11
32%
99 11
32%
100 11
32%
101 11
32%
102 11
32%
103 11
32%
104 11
32%
105 11
32%
106 11
32%
107 11
32%
108 11
31%
109 11
31%
110 11
30%
111 11
30%
112 11
30%
113 11
30%
114 11
30%
115 11
30%
116 11
30%
117 11
30%
118 11
30%
119 11
30%
120 11
30%
121 11
30%
122 11
30%
123 11
30%
124 11
29%
125 11
29%
126 11
29%
127 11
29%
128 11
29%
129 11
29%
130 11
29%
131 11
29%
132 11
29%
133 11
29%
134 11
29%
135 11
29%
136 11
29%
137 11
29%
138 11
29%
139 11
26%
140 11
26%
141 11
24%
142 11
22%
143 11
20%
144 11
20%
145 11
20%
146 11
20%
147 11
20%
148 11
20%
149 11
20%
150 11
20%
No matching quizzes found
Score Distribution
Percent of People with Each Score
Percentile by Number Answered
Your Score History
You have not taken this quiz